Suicide : (Record no. 7469)

MARC details
000 -LEADER
fixed length control field 01518cam a22004095i 4500
001 - CONTROL NUMBER
control field 20554829
003 - CONTROL NUMBER IDENTIFIER
control field GBCCL
005 - DATE AND TIME OF LATEST TRANSACTION
control field 20241126110629.0
008 - FIXED-LENGTH DATA ELEMENTS--GENERAL INFORMATION
fixed length control field 170612s2017 ii a b 001 0 eng d
010 ## -
-- 2017354301
020 ## - INTERNATIONAL STANDARD BOOK NUMBER
International Standard Book Number 9788184656022
Qualifying information (paperback)
020 ## - INTERNATIONAL STANDARD BOOK NUMBER
International Standard Book Number 8184656025
025 ## - OVERSEAS ACQUISITION NUMBER
Overseas acquisition number I-E-2017354301 ; 13-91 ; 69-91
035 ## - SYSTEM CONTROL NUMBER
System control number (OCoLC)ocn993090311
035 ## - SYSTEM CONTROL NUMBER
System control number (OCoLC)993090311
037 ## - SOURCE OF ACQUISITION
Source of stock number/acquisition Library of Congress -- New Delhi Overseas Office
040 ## - CATALOGING SOURCE
Original cataloging agency DKAGE
Language of cataloging eng
Description conventions rda
Transcribing agency DKAGE
Modifying agency OCLCO
-- OCLCF
-- DLC
042 ## -
-- lccopycat
-- lcode
050 #4 -
-- BV4012.2
-- .G86 2017
082 04 - DEWEY DECIMAL CLASSIFICATION NUMBER
Classification number 259.428
Edition information 23
Item number GUN
100 1# - MAIN ENTRY--PERSONAL NAME
Personal name Gundimi, Vivek,
Relator term author.
9 (RLIN) 13161
245 10 - TITLE STATEMENT
Title Suicide :
Remainder of title a theological and pastoral response /
Statement of responsibility, etc. Vivek Gundimi.
264 #1 - PRODUCTION, PUBLICATION, DISTRIBUTION, MANUFACTURE, AND COPYRIGHT NOTICE
Place of production, publication, distribution, manufacture Delhi :
Name of producer, publisher, distributor, manufacturer Indian Society for Promoting Christian Knowledge,
Date of production, publication, distribution, manufacture, or copyright notice 2017.
300 ## - PHYSICAL DESCRIPTION
Extent xv, 120 pages :
Other physical details illustrations (black and white) ;
Dimensions 22 cm
336 ## - CONTENT TYPE
Content type term text
Source rdacontent
337 ## - MEDIA TYPE
Media type term unmediated
Source rdamedia
338 ## - CARRIER TYPE
Carrier type term volume
Source rdacarrier
504 ## - BIBLIOGRAPHY, ETC. NOTE
Bibliography, etc. note Includes bibliographical references (pages 111-115) and index.
650 #0 - SUBJECT ADDED ENTRY--TOPICAL TERM
Topical term or geographic name entry element Suicide.
9 (RLIN) 5390
650 #0 - SUBJECT ADDED ENTRY--TOPICAL TERM
Topical term or geographic name entry element Suicide
General subdivision Religious aspects
-- Christianity.
9 (RLIN) 13162
650 #7 - SUBJECT ADDED ENTRY--TOPICAL TERM
Topical term or geographic name entry element Suicide.
Source of heading or term fast
Authority record control number or standard number (OCoLC)fst01137578
9 (RLIN) 5390
650 #7 - SUBJECT ADDED ENTRY--TOPICAL TERM
Topical term or geographic name entry element Suicide
General subdivision Religious aspects
-- Christianity.
Source of heading or term fast
Authority record control number or standard number (OCoLC)fst01137599
9 (RLIN) 13162
710 2# - ADDED ENTRY--CORPORATE NAME
Corporate name or jurisdiction name as entry element I.S.P.C.K. (Organization),
Relator term publisher.
9 (RLIN) 393
906 ## - LOCAL DATA ELEMENT F, LDF (RLIN)
a 7
b par
c copycat
d 3
e ncip
f 20
g y-gencatlg
942 ## - ADDED ENTRY ELEMENTS (KOHA)
Source of classification or shelving scheme Dewey Decimal Classification
Koha item type Books
Koha issues (borrowed), all copies 26
Holdings
Withdrawn status Lost status Source of classification or shelving scheme Damaged status Not for loan Home library Current Library Shelving location Date acquired Source of acquisition Cost, normal purchase price Total checkouts Full call number Barcode Date last seen Date last checked out Copy number Cost, replacement price Price effective from Koha item type
    Dewey Decimal Classification     GRACE BIBLE COLLEGE GRACE BIBLE COLLEGE Ministry & Mission 2018-09-24 10 112.50 15 259.428 GUN 014790 2025-05-27 2024-08-16 c.1 150.00 2018-09-24 Books
    Dewey Decimal Classification     GRACE BIBLE COLLEGE GRACE BIBLE COLLEGE Ministry & Mission 2018-09-24 10 112.50 13 259.428 GUN 014791 2025-07-23 2025-07-17 c.2 150.00 2018-09-24 Books
© Grace Bible College Library 2025